000 00612nam a2200241Ia 4500
003 OSt
005 20220924144745.0
006 a|||||r|||| 00| 0
007 ta
008 220923b |||||||| |||| 00| 0 urd d
020 _c35.00
024 _a320760
037 _cTextual
040 _aARTS
_cARTS
_burd
041 _2urd
_aurd
082 _aQ7wG62, 168M6
100 _aHusni Sayed Hussain Au.
_9218360
245 0 _aSahabul Saif wal qalam
260 _c1986
650 _aISLAM
_9577
942 _hQ7wG62, 168M6
_cTEXL
_2CC
999 _c458193
_d458193